|
|
|
|
| LEADER |
00000cam a2200000 7i4500 |
| 001 |
0000028371 |
| 005 |
20091204.0 |
| 008 |
091204 |
| 020 |
|
|
|a 9675226274
|
| 090 |
0 |
0 |
|a 647.95
|b JUN
|
| 100 |
0 |
|
|a Junaidah Hamdan
|
| 245 |
1 |
0 |
|a Buat duit dengan restoran
|c Junaidah Hamdan
|
| 260 |
|
|
|a Kuala Lumpur :
|b PTS Professional Publishing ,
|c 2009
|
| 440 |
|
|
|a Bisnes & pengurusan
|
| 650 |
|
0 |
|a Restaurant management
|
| 650 |
|
0 |
|a Restaurants
|
| 999 |
|
|
|a 0001073085
|b Book
|c Adult Collection
|e Perbadanan Perpustakaan Awam Johor
|
| 999 |
|
|
|a 0001226027
|b Book
|c Adult Collection
|e Cawangan Bandar Tenggara
|
| 999 |
|
|
|a 0001226028
|b Book
|c Adult Collection
|e Cawangan Kota Tinggi
|
| 999 |
|
|
|a 0001226029
|b Book
|c Adult Collection
|e Cawangan Mersing
|
| 999 |
|
|
|a 0001226030
|b Book
|c Adult Collection
|e Cawangan Bukit Gambir
|
| 999 |
|
|
|a 0001226031
|b Book
|c Adult Collection
|e Cawangan Bukit Gambir
|
| 999 |
|
|
|a 0001226032
|b Book
|c Adult Collection
|e Cawangan Tangkak
|
| 999 |
|
|
|a 0001226033
|b Book
|c Adult Collection
|e Cawangan Muar
|
| 999 |
|
|
|a 0001226035
|b Book
|c Adult Collection
|e Cawangan Segamat
|
| 999 |
|
|
|a 0001226036
|b Book
|c Adult Collection
|e Cawangan Tmn. Ungku Tun Aminah
|
| 999 |
|
|
|a 0001226037
|b Book
|c Adult Collection
|e Cawangan Bandar Penawar
|
| 999 |
|
|
|a 0001226040
|b Book
|c Adult Collection
|e Cawangan Taman Sri Lambak
|